|
|
|
|
| LEADER |
00000nam a2200000Ii 4500 |
| 001 |
DIGDESCL0036 |
| 003 |
NyNyDIG |
| 007 |
cr ||||||||||| |
| 008 |
220816s2012 sp b 00 0spa |
| 006 |
m o d |
| 035 |
|
|
|a (OCoLC)847598295
|
| 040 |
|
|
|a DGITA
|b eng
|e rda
|e pn
|c DGITA
|
| 020 |
|
|
|a 9788433036100qeBook
|q ePub
|
| 020 |
|
|
|z 9788433025746
|
| 050 |
1 |
4 |
|a LC45.3 ebook
|
| 245 |
0 |
3 |
|a La acción educativa social :
|b nuevos planteamientos /
|c Cruz Pérez Pérez (Coord.) ; Juan Escámez Sánchez [and 3 others].
|
| 264 |
|
1 |
|a Bilbao :
|b Desclée de Brouwer,
|c [2012]
|
| 300 |
|
|
|a 1 online resource.
|
| 336 |
|
|
|a text
|b txt
|2 rdacontent
|
| 337 |
|
|
|a computer
|b c
|2 rdamedia
|
| 338 |
|
|
|a online resource
|b cr
|2 rdacarrier
|
| 347 |
|
|
|a text file
|2 rdaft
|
| 347 |
|
|
|b EPUB
|
| 490 |
1 |
|
|a Aprender a ser
|
| 504 |
|
|
|a Includes bibliographical references.
|
| 588 |
0 |
|
|a Online resource; title from ePub title page (Digitalia, viewed August 16, 2022)
|
| 650 |
|
0 |
|a Non-formal education.
|
| 650 |
|
0 |
|a Values.
|
| 655 |
|
0 |
|a Electronic books.
|
| 700 |
1 |
|
|a Pérez Pérez, Cruz,
|e contributor agent of text.
|
| 700 |
1 |
|
|a Escámez Sánchez, Juan,
|e author.
|
| 791 |
2 |
|
|a Digitalia (Firm),
|e distributor.
|
| 793 |
0 |
|
|g Digitalia eBook Collection:
|a Desclée de Brouwer.
|
| 776 |
0 |
8 |
|i Print version:
|t Acción educativa social.
|d Bilbao : Desclée de Brouwer, [2012]
|z 9788433025746
|
| 830 |
|
0 |
|a Colección Aprender a ser.
|
| 856 |
4 |
0 |
|3 Digitalia Hispánica
|u https://www.digitaliapublishing.com/a/84097/
|
| 910 |
|
|
|a Premium collection: 2022
|